000 00292nam a2200133 i 4500
001 bg
100 1 _aHERFORT, K.
245 0 _aTechnik der Heizölfeuerung /
_cK. Herfort.
260 _aKolonia.
040 _cBPK
041 _apol
942 _cKS
008 s pl f |000 0 pol
999 _c8521
_d8521
856 _uhttp://koha.tu.koszalin.pl/cgi-bin/koha/opac-detail.pl?biblionumber=8521
_yKatalog online BPK